| 000 | 00789nam a2200205Ii 4500 | ||
|---|---|---|---|
| 003 | JO-AjNU | ||
| 008 | 230605s9999||||xx |||||||||||||| ||und|| | ||
| 040 |
_aJO-AjNU _bara _erda _cJO-AjNU |
||
| 041 | _aara | ||
| 050 | 1 | 4 | _aGV943.9.T7.D3322 1987 |
| 100 | 3 |
_aسلامة، بهاء الدين ابراهيم, _eauthor _938096 |
|
| 245 | 0 | 0 | _aالإعداد المهاري في كرة القدم: تعليم، تدريب، قانون |
| 250 | _aط1 | ||
| 264 | 3 | 1 | _aمكة المكرمة: مكتبة الطالب الجامعي، 1987 |
| 300 |
_a211ص _bصور توضبحية |
||
| 336 |
_atext _btxt _2rdacontent |
||
| 337 |
_aunmediated _bn _2rdamedia |
||
| 338 |
_avolume _bnc _2rdacarrier |
||
| 650 | 4 |
_aكرة القدم -تدريب ، القانون الدولي - رياضة _938097 |
|
| 999 |
_aA15977 _c19545 _d19545 |
||